|
|
|
|
| LEADER |
02067nam a2200481 i 4500 |
| 001 |
EBC3408947 |
| 003 |
MiAaPQ |
| 005 |
20200520144314.0 |
| 006 |
m o d | |
| 007 |
cr cnu|||||||| |
| 008 |
141102t20142014nyua ob 001 0 eng d |
| 020 |
|
|
|z 9781438453118
|
| 020 |
|
|
|a 9781438453125
|q (electronic bk.)
|
| 035 |
|
|
|a (MiAaPQ)EBC3408947
|
| 035 |
|
|
|a (Au-PeEL)EBL3408947
|
| 035 |
|
|
|a (CaPaEBR)ebr10957151
|
| 035 |
|
|
|a (OCoLC)894048882
|
| 040 |
|
|
|a MiAaPQ
|b eng
|e rda
|e pn
|c MiAaPQ
|d MiAaPQ
|
| 050 |
|
4 |
|a JV6255
|b .I56 2014
|
| 082 |
0 |
|
|a 322.4086/912
|2 23
|
| 245 |
0 |
0 |
|a Immigrant protest :
|b politics, aesthetics, and everyday dissent /
|c edited by Katarzyna Marciniak and Imogen Tyler.
|
| 264 |
|
1 |
|a Albany, New York :
|b State University of New York Press,
|c 2014.
|
| 264 |
|
4 |
|c 2014
|
| 300 |
|
|
|a 1 online resource (322 pages) :
|b illustrations
|
| 336 |
|
|
|a text
|2 rdacontent
|
| 337 |
|
|
|a computer
|2 rdamedia
|
| 338 |
|
|
|a online resource
|2 rdacarrier
|
| 504 |
|
|
|a Includes bibliographical references and index.
|
| 588 |
|
|
|a Description based on print version record.
|
| 590 |
|
|
|a Electronic reproduction. Ann Arbor, MI : ProQuest, 2016. Available via World Wide Web. Access may be limited to ProQuest affiliated libraries.
|
| 650 |
|
0 |
|a Immigrants
|x Political activity.
|
| 650 |
|
0 |
|a Noncitizens
|x Political activity.
|
| 650 |
|
0 |
|a Protest movements
|v Case studies.
|
| 650 |
|
0 |
|a Protest movements.
|
| 650 |
|
0 |
|a Immigrants
|x Political activity
|v Case studies.
|
| 650 |
|
0 |
|a Noncitizens
|x Political activity
|v Case studies.
|
| 650 |
|
0 |
|a Illegal immigration.
|
| 655 |
|
4 |
|a Electronic books.
|
| 700 |
1 |
|
|a Marciniak, Katarzyna,
|d 1963-
|e author,
|e editor.
|
| 700 |
1 |
|
|a Tyler, Imogen,
|e author,
|e editor.
|
| 776 |
0 |
8 |
|i Print version:
|t Immigrant protest : politics, aesthetics, and everyday dissent.
|d Albany, New York : State University of New York Press, c2014
|h xii, 305 pages
|z 9781438453118
|w 2013044072
|
| 797 |
2 |
|
|a ProQuest (Firm)
|
| 856 |
4 |
0 |
|u https://ebookcentral.proquest.com/lib/matrademy/detail.action?docID=3408947
|z Click to View
|